000 00296nam a2200121Ia 4500
008 191201s1999 xx 000 0 und d
100 _aVANGHELVWE, l
245 0 _aAir - Jet Weft Insertion
260 _aN.Delhi
_bTextile Institute
_c1999
300 _a65
650 _aB.Tech(TE)
942 _2ddc
_cBK
999 _c3625
_d3625